<?xml version="1.0" encoding="UTF-8"?>
<record
    xmlns:xsi="http://www.w3.org/2001/XMLSchema-instance"
    xsi:schemaLocation="http://www.loc.gov/MARC21/slim http://www.loc.gov/standards/marcxml/schema/MARC21slim.xsd"
    xmlns="http://www.loc.gov/MARC21/slim">

  <leader>00849nam a2200253   4500</leader>
  <controlfield tag="001">003353</controlfield>
  <controlfield tag="003">AR-CdUEA</controlfield>
  <controlfield tag="005">20220326193256.0</controlfield>
  <controlfield tag="008">090912s1998____sp_||||||||||_||||||spa|d</controlfield>
  <datafield tag="020" ind1=" " ind2=" ">
    <subfield code="a">8489427887</subfield>
  </datafield>
  <datafield tag="040" ind1=" " ind2=" ">
    <subfield code="a">AR-CdUEA</subfield>
    <subfield code="c">KDDDDDDDDDDDDDDDDDF</subfield>
  </datafield>
  <datafield tag="082" ind1=" " ind2=" ">
    <subfield code="a">069.15</subfield>
    <subfield code="b">H788m</subfield>
  </datafield>
  <datafield tag="100" ind1="1" ind2=" ">
    <subfield code="a">Hooper-Greenhill, Eilean</subfield>
    <subfield code="9">1090</subfield>
  </datafield>
  <datafield tag="245" ind1="1" ind2="4">
    <subfield code="a">Los museos y sus visitantes / </subfield>
    <subfield code="c">Eilean Hooper-Greenhill.</subfield>
  </datafield>
  <datafield tag="250" ind1=" " ind2=" ">
    <subfield code="a">1a ed.</subfield>
  </datafield>
  <datafield tag="260" ind1=" " ind2=" ">
    <subfield code="a">Gij&#xF3;n (Asturias) : </subfield>
    <subfield code="b">Trea, </subfield>
    <subfield code="c">1998</subfield>
  </datafield>
  <datafield tag="300" ind1=" " ind2=" ">
    <subfield code="a">259 p : </subfield>
    <subfield code="b">il. byn ; </subfield>
    <subfield code="c">22 cm.</subfield>
  </datafield>
  <datafield tag="490" ind1="0" ind2=" ">
    <subfield code="a">Biblioteconom&#xED;a y Administraci&#xF3;n Cultural ; </subfield>
    <subfield code="v">17</subfield>
  </datafield>
  <datafield tag="500" ind1=" " ind2=" ">
    <subfield code="a">Tipo de documento: LIBRO</subfield>
  </datafield>
  <datafield tag="650" ind1=" " ind2="4">
    <subfield code="a">MUSEOS</subfield>
    <subfield code="9">1091</subfield>
  </datafield>
  <datafield tag="650" ind1=" " ind2="4">
    <subfield code="a">MUSEOLOGIA</subfield>
    <subfield code="9">1092</subfield>
  </datafield>
  <datafield tag="650" ind1=" " ind2="4">
    <subfield code="x">museos-atencion</subfield>
    <subfield code="x">museos-aspectos educativos</subfield>
    <subfield code="x">museos-tecnicas</subfield>
    <subfield code="x">museos-gestion</subfield>
    <subfield code="x">museos-visitantes</subfield>
    <subfield code="9">1093</subfield>
  </datafield>
  <datafield tag="700" ind1=" " ind2=" ">
    <subfield code="a">Eilean Hooper-Greenhill</subfield>
    <subfield code="9">1094</subfield>
  </datafield>
  <datafield tag="999" ind1=" " ind2=" ">
    <subfield code="c">234</subfield>
    <subfield code="d">234</subfield>
  </datafield>
  <datafield tag="952" ind1=" " ind2=" ">
    <subfield code="0">0</subfield>
    <subfield code="1">0</subfield>
    <subfield code="2">ddc</subfield>
    <subfield code="4">0</subfield>
    <subfield code="7">0</subfield>
    <subfield code="a">LV</subfield>
    <subfield code="b">LV</subfield>
    <subfield code="c">Pensamiento</subfield>
    <subfield code="d">2014-06-16</subfield>
    <subfield code="l">0</subfield>
    <subfield code="o">069.15 H788m</subfield>
    <subfield code="p">000251</subfield>
    <subfield code="r">2014-06-16 00:00:00</subfield>
    <subfield code="w">2014-06-16</subfield>
    <subfield code="y">01</subfield>
  </datafield>
</record>
